00521nam a22001817a 4500003000500000005001700005008004100022010001000063011001000073035001000083040000900093100001900102245006500121500008200186650002800268650002700296700001600323CHAP20220329140839.0971013s r 00010 d a58542 a59514 a63672 cCHAP00aRyhiner, A. H. aEffect of plant density and water supply on wheat production aSobretiro de : Netherlands Journal of Agricultural Science 26 : 200-209, 197814aPlantasxEspaciamiento.14aTrigoxAgua requerida.0 aMatsuda, M.